Learning Resource and Development

Analog and pulse circuits / (Record no. 29073)

MARC details
000 -LEADER
fixed length control field 01137nam a2200277 i 4500
003 - CONTROL NUMBER IDENTIFIER
control field CSPC
005 - DATE AND TIME OF LATEST TRANSACTION
control field 20250310135950.0
008 - FIXED-LENGTH DATA ELEMENTS--GENERAL INFORMATION
fixed length control field 250310s2022 flu 000 0 eng d
020 ## - INTERNATIONAL STANDARD BOOK NUMBER
International Standard Book Number 9781032228693
040 ## - CATALOGING SOURCE
Transcribing agency CSPC
Original cataloging agency CSPC
Language of cataloging eng
Description conventions rda
050 04 - LIBRARY OF CONGRESS CALL NUMBER
Classification number TK7868.P8
Item number .L357
082 04 - DEWEY DECIMAL CLASSIFICATION NUMBER
Classification number 621.381534
Item number L149a
Edition number 23
100 1# - MAIN ENTRY--PERSONAL NAME
Personal name Lakshmaiah, Dayaydi,
Relator term author.
245 10 - TITLE STATEMENT
Title Analog and pulse circuits /
Statement of responsibility, etc. Dayaydi Lakshmaiah, C.B. Ramarao, and K. Kishan Rao.
264 #1 - PRODUCTION, PUBLICATION, DISTRIBUTION, MANUFACTURE, AND COPYRIGHT NOTICE
Place of production, publication, distribution, manufacture Abingdon, Oxon ;
-- Boca Raton, FL :
Name of producer, publisher, distributor, manufacturer CRC Press,
Date of production, publication, distribution, manufacture, or copyright notice 2022.
300 ## - PHYSICAL DESCRIPTION
Extent xii, 164 pages :
Other physical details illustrations ;
Dimensions 25 cm.
336 ## - CONTENT TYPE
Content type term text
Source rdacontent
337 ## - MEDIA TYPE
Media type term unmediated
Source rdamedia
338 ## - CARRIER TYPE
Carrier type term volume
Source rdacarrier
505 0# - FORMATTED CONTENTS NOTE
Formatted contents note Linear wave shaping -- Non linear wave shaping -- Switching characteristics of devices -- Multi-vibrator -- Time base generator -- Logic gates -- Sampling gates.
650 #0 - SUBJECT ADDED ENTRY--TOPICAL TERM
Topical term or geographic name entry element Pulse circuits.
700 1# - ADDED ENTRY--PERSONAL NAME
Personal name Ramarao, C.B.,
Relator term author.
700 1# - ADDED ENTRY--PERSONAL NAME
Personal name Rao, K. Kishan,
Relator term author.
942 ## - ADDED ENTRY ELEMENTS (KOHA)
Source of classification or shelving scheme Dewey Decimal Classification
Suppress in OPAC No
Koha item type Books
Classification part 621.381534
Call number prefix ENG
Call number suffix 2022
Edition 23
Holdings
Withdrawn status Lost status Source of classification or shelving scheme Damaged status Not for loan Home library Current library Shelving location Date acquired Total Checkouts Full call number Barcode Date last seen Copy number Price effective from Koha item type
    Dewey Decimal Classification     Main Library Main Library Engineering Section 03/10/2025   ENG 621.381534 L149a 2022 029122 03/10/2025 1-1 03/10/2025 Books